Do bem e do belo on do sentido espiritual da vida humana (Record no. 142685)

MARC details
000 -LEADER
campo de control de longitud fija 00497nam a2200157 i 4500
001 - NÚMERO DE CONTROL
campo de control 142685
003 - IDENTIFICADOR DE NÚMERO DE CONTROL
campo de control ES-MaACL
005 - FECHA Y HORA DE LA ÚLTIMA TRANSACCIÓN
campo de control 20230906200608.0
007 - CAMPO FIJO DE DESCRIPCIÓN FÍSICA--INFORMACIÓN GENERAL
campo de control de longitud fija t|
008 - DATOS DE LONGITUD FIJA--INFORMACIÓN GENERAL
campo de control de longitud fija 071009s1922 po ||||1| por d
100 1# - ENTRADA PRINCIPAL--NOMBRE DE PERSONA
Nombre de persona Vilhena, Henrique de.
9 (RLIN) 114861
245 13 - MENCIÓN DEL TÍTULO
Título Do bem e do belo on do sentido espiritual da vida humana
Resto del título : (ensaio de etica e estetica) /
Mención de responsabilidad, etc. Henrique de Vilhena.
260 ## - PUBLICACIÓN, DISTRIBUCIÓN, ETC.
Lugar de publicación, distribución, etc. Lisboa :
Nombre del editor, distribuidor, etc. [s.n.],
Fecha de publicación, distribución, etc. 1922 (
Fabricante Tip. America)
300 ## - DESCRIPCIÓN FÍSICA
Extensión 109 p. ;
Dimensiones 26 cm.
852 ## - LOCALIZACIÓN
Ubicación ES-MaACL
Número de control de estantería F-1314
Holdings
Estatus retirado Estado de pérdida Estado de daño No para préstamo Biblioteca de origen Biblioteca actual Ubicación en estantería Fecha de adquisición Fuente de adquisición Total de préstamos Signatura topográfica completa Código de barras Visto por última vez Precio de reemplazo Tipo de ítem Koha
        Biblioteca del Ateneo de Madrid Biblioteca del Ateneo de Madrid Depósito 2 17/01/2008     F-1314 1148462 23/02/2023 23/02/2023 Libro impreso